Critique : selected works of Piloo Mody (Record no. 349249)

000 -LEADER
fixed length control field 00415cam a22001457a 4500
008 - FIXED-LENGTH DATA ELEMENTS--GENERAL INFORMATION
fixed length control field 180718b1983 xxu||||| |||| 00| 0 eng d
082 ## - DEWEY DECIMAL CLASSIFICATION NUMBER
Classification number A99 M721c
100 ## - MAIN ENTRY--PERSONAL NAME
Personal name Mody, Piloo
245 ## - TITLE STATEMENT
Title Critique : selected works of Piloo Mody
Statement of responsibility, etc. by Piloo Mody
260 ## - PUBLICATION, DISTRIBUTION, ETC.
Place of publication, distribution, etc. New Delhi
Name of publisher, distributor, etc. Newsindia
Date of publication, distribution, etc. 1983
300 ## - PHYSICAL DESCRIPTION
Extent 183p.
650 ## - SUBJECT ADDED ENTRY--TOPICAL TERM
Topical term or geographic name entry element Economic development - India
650 ## - SUBJECT ADDED ENTRY--TOPICAL TERM
Topical term or geographic name entry element India - Politics
650 ## - SUBJECT ADDED ENTRY--TOPICAL TERM
Topical term or geographic name entry element Mody,Piloo, 1926-1983
Holdings
Withdrawn status Lost status Damaged status Not for loan Permanent Location Current Location Date acquired Full call number Barcode Date last seen Price effective from Koha item type
        Indian Institute of Public Administration Indian Institute of Public Administration 1993-10-29 A99 M721c 60014 2018-07-21 2018-07-21 Book

Powered by Koha